| 000 | 00702nam a22002417a 4500 | ||
|---|---|---|---|
| 001 | 50536 | ||
| 003 | BD-RjUL | ||
| 005 | 20211209075526.0 | ||
| 008 | 160827s1963 nyu||||| |||| 00| 0 eng d | ||
| 035 | _a(BD-RjUL)50656 | ||
| 040 |
_aBD-RjUL _beng _cBD-RjUL |
||
| 041 | _aeng | ||
| 082 |
_223 _a515.35 _bLED 1963 |
||
| 100 |
_aLefschetz, Solomon. _9151379 |
||
| 245 |
_aDifferential equations: geometric theory / _cSolomon Lefschetz. |
||
| 250 | _a2nd. | ||
| 260 |
_aNew York : _bInterscience Publishers, _c[1963] |
||
| 300 |
_a390 p. : _bill. ; _c24 cm. |
||
| 504 | _aIncludes bibliography and index. | ||
| 650 |
_aDifferential equations. _9151380 |
||
| 650 |
_xTopology _9151381 |
||
| 942 |
_2ddc _cBK |
||
| 999 |
_c50536 _d50536 |
||